000 01298nam a22002775i 4500
001 167725
003 ES-MaACL
005 20250823063125.0
008 940620m17821790sp a |||| | spa d
100 1 _aVives, Juan Luis,
_d1492-1540
_9115574
245 1 0 _aJoannis Ludovici Vivis Valentini Opera Omnia /
_cdistributa et ordinata in argumentorum classes praecipuas a Gregorio Majansio... ; item vita Vivis scripta ab eodem Majansio ; liberaliter editionis impensas sufficiente Excellentissimo Domino D. D. Francisco Fabián et Fuero, Archiepiscopo Valentino...
260 _aValentiae Edetanorum :
_bIn Officina Benedicti Monfort,
_c1782-1790.
300 _a7 v. ;
_cFol.
505 8 _aContiene: V. 2-8
530 _aDisponible en formato digital.
597 _aAntep.
597 _aPort. con grab. calc.
599 _aCabeceras calcográficas al comienzo de cada tomo
650 7 _aFilosofía renacentista
_2embne
_9147263
700 1 _aMayáns y Siscar, Gregorio.
_979333
700 1 _aFabián y Fuero, Francisco.
_9127000
700 1 _aMonfort, Benito,
_d1715-1785,
_cimp.
_9162728
852 4 _aES-MaACL
_jR-1096-1102
_z- Enc. pasta
856 4 _uhttp://bdh-rd.bne.es/viewer.vm?id=0000013556&page=1
_zBiblioteca Digital Hispánica
_z(V. 1-7)
999 _c167725
_d167725